000
00315nam a2200109Ia 4500
008
220216s9999 xx 000 0 und d
100
_a
Piddlesden J H
245
0
_a
Notes on centrifugal concentration of latex
260
_b
Journal of the Rubber Research Institute of Malaya
_c
1937
300
_a
169-178
942
_c
JS
999
_c
64070
_d
64070